LEADER 01029nam a2200253 i 4500 001 000000028503 003 CaOOAMICUS 005 20210422110431.0 008 180830s1844 it u000 u ita u 040 $aSeMil$bita 100 1 $aPoli, Baldassare <1795-1883>.$0(OLS)http://semarc/name/3169 245 10$aElementi di filosofia teoretica e morale /$cdel dottore Baldassare Poli. 250 $a2. ed. corretta e riveduta dall'autore. 260 $aPadova :$bCoi tipi di Angelo Sicca,$c1844. 300 $a3 v. ;$c22 cm. 500 $aLegati insieme i 3 vol. 650 4$aFilosofia teoretica.$0(OLS)http://semarc/subject/213 650 4$aFilosofia morale.$0(OLS)http://semarc/subject/232 774 0 $t1: Psicologia empirica.$w()69150 774 0 $t2: Logica e metafisica.$w()220320 774 0 $t3: Filosofia morale.$w()220319 996 $6245$aElementi di filosofia teoretica e morale$9(OLS)http://semarc/title/7941 996 $6260$aPadova :$bCoi tipi di Angelo Sicca$9(OLS)http://semarc/publisher/37780 LEADER 01102nam a2200217 i 4500 001 000000091715 003 CaOOAMICUS 005 20151222000000.0 008 151222s1824 it u000 u ita u 013 $a63957 026 $ao.do zoa, eihe alst (3) 1824 (A) 040 $aSeMil$bita 245 10$aVol. 1. 300 $a[2], 678 [i.e. 688], [8] p., [14] c. di tav. :$bill. calcogr. 500 $aLe p. 615-624 ripetute nella num. - Tavole incise da Dall'Acqua e Frey. 700 1 $aFrey, Jacob .$0(OLS)http://semarc/name/14658 700 1 $aDall'Acqua, Giuseppe .$0(OLS)http://semarc/name/40935 773 0 $tFasti della Chiesa nelle vite de' santi in ciascun giorno dell'anno. Opera compilata da una pia società di ecclesiastici e secolari corredata di tavole in rame. Vol. 1. [-13].$dMilano : PDalla Tipografia di Angelo Bonfanti, Contrada de' Fiori chiari, num. 1896, 1824-1833.$g1$w()18593 850 $aSeMil 852 $aSeMil$W1$xVenegono$y1$m3J III 1 FA$j54664$B54664$CSeMilBibl$Z2$F59316 $8I 996 $6245$aVol. 1$9(OLS)http://semarc/title/13429